Регионална библиотека "Любен Каравелов" - Русе

Физикохимия (Запис номер 186345)

MARC детайли
000 -Лидер
Контролно поле с фиксирана дължина nam a22 a 4500
003 - Код на организацията, давaща контролен номер
Контролно поле BLK
005 - Дата и час на последна редакция
Контролно поле 20230126153410.0
008 - Елементи от данни с фиксирана дължина
fixed length control field 180411b bul|||||r ||||||| ||bul||
010 ## - Наследен системен номер
LC control number KNG00195339000
040 ## - Източник на каталожния запис
Идентификатор на билиотеката - собственик на записа BLK
041 ## - Код за език
Код за езика на текст/звукозапис или на отделно заглавие Български
Код за езика КДБФ Български
080 ## - УДК
Текстов определител УДК Физикохимия
УДК код - определител по УДК 544
УДК определител (075.8)
УДК - код + определител 544(075.8)
100 1# - Редна дума - Автор
Автор Михайлова, Димитрия Начева
Авторска отговорност първи автор
R(LIN) 250643
139 ## - Редно поле
Редна дума Михайлова, Димитрия Начева
Авторски знак Михаи - М 74
245 10 - Сведения за заглавието
Заглавие Физикохимия
Подзаглавни данни Учебник за студенти-фармацевти
Редно поле (дума) Димитрия Михайлова.
257 ## - Страна на издаване
Страна на създаване/издаване България
260 ## - Област на издателските данни
Място на издаване, разпространение и проч. София
Име на издателя, разпространителя и проч. Наука и изкуство
Година на издаване 1977
Печатница Ямбол : Г. Димитров
300 ## - Физическа характеристика
Страници 391 с.
Илюстрации и др. с черт., табл. и диагр.
Размери/Мащаб 22 см
380 ## - Жанр
Жанр Естествени науки. Математика
500 ## - Общи забележки
Забележка 2 577 тир. - Библиогр. с.371-372. - Азб. показалец.
650 #4 - Допълнително описание по предмет – тема
Основно описание – тема или топоним Физикохимия - учебници за ВУЗ
9 (RLIN) 243246
852 ## - Местоположение
Форматна сигнатура Цб 88522
856 4# - Електронен адрес и достъп
Електронен формат pdf - файл
Инструкция (цена за достъп) 0.00
Права за достъп disable
856 4# - Електронен адрес и достъп
Електронен формат pdf - файл
Инструкция (цена за достъп) 0.00
Права за достъп disable
999 ## - СИСТЕМНИ КОНТРОЛНИ НОМЕРА
Koha biblionumber 186345
Koha biblioitemnumber 186345
942 ## - АРТИКУЛИ
Вид на библиотечния материал Книги
Скрит в OPAC Не
Периодичен библиозапис Да
944 ## - СЪЗДАВАНЕ И РЕДАКЦИЯ на ЗАПИСА
Създаване/Редакция Създаване
Дата на регистрацията/редакция 07.11.2016
Служител, извършил регистрацията/редакцията Вася_Ганчева
944 ## - СЪЗДАВАНЕ И РЕДАКЦИЯ на ЗАПИСА
Създаване/Редакция Редакция
Дата на регистрацията/редакция 07.11.2016
Служител, извършил регистрацията/редакцията Вася_Ганчева
999 ## - СИСТЕМНИ КОНТРОЛНИ НОМЕРА
Koha biblioitemnumber 186345
999 ## - СИСТЕМНИ КОНТРОЛНИ НОМЕРА
Koha biblioitemnumber 186345
Наличности
Код за отписване Код за изгубен артикул Източник на класификационната схема Код за повреда Коз за рестрикции Код за отдаване Артикулен № Име на библиотеката - собственик Име на библиотеката, в която се намира в момента Статус (Текущо местоположение) Дата на вписване в системата Местоположение - отдел Цена в лева Инвентарен номер Систематично азбучна сигнатура Баркод Номер на екземпляра Цена в евро Служебна бележка Служебен тип на артикула
  Не е изгубен Universal Decimal Classification Не е повреден само за читалня ползва се в читалня 324238 Регионална библиотека "Любен Каравелов" Русе Регионална библиотека "Любен Каравелов" Русе Хранилище 1977-01-01 Хранилище 1.17 234722 Цб 88522 120000234722 1 0.60 Дост: Dp Вид: Д N: стар фонд Дата: 01.01.1977 Книги
Изтеглен Не е изгубен Universal Decimal Classification Не е повреден без рестрикции заемане за дома 324239 Регионална библиотека "Любен Каравелов" Русе Регионална библиотека "Любен Каравелов" Русе Заемна - подръчен фонд 1977-01-01 Заемна - подръчен фонд 1.17 622391 544/М 74 622391 2 0.60 Дост: Pk Вид: Сф Дата: 01.01.1977 Дата инв: 02.02.2018 Бележки инв: П2018 Книги
Vip Innovations Ltd, Rousse, Bulgaria 2025